| 000 | 01739nam a22004577a 4500 | ||
|---|---|---|---|
| 001 | 000095784 | ||
| 003 | CHAP | ||
| 005 | 20220329143124.0 | ||
| 008 | 060524d2006 mx r 00110 spa d | ||
| 010 | _a92250 | ||
| 011 | _a93222 | ||
| 035 | _a103794 | ||
| 040 | _cCHAP | ||
| 090 | _aTesis | ||
| 100 | 1 |
_aCerero Hernández, Noé. _921488 |
|
| 245 | 1 | 0 |
_aAnálisis del funcionamiento de los consejos municipales de desarrollo rural sustentable en el Estado de Guanajuato / _c/por Noé Cerero Hernández. |
| 260 |
_aChapingo, Méx. : _bEl autor, _c2006. |
||
| 300 |
_a94 h . : _bgráfs.; cuadros. |
||
| 502 | _aTesis (Lic. en Economía Agrícola) - - UACH. División de Ciencias Económico Administrativas | ||
| 590 |
_aALEPH _b10 _c20130110 _lUCH01 _h1512 |
||
| 590 |
_aBATCH-UPD _b10 _c20130110 _lUCH01 _h0401 |
||
| 590 |
_aBATCH-UPD _b10 _c20130110 _lUCH01 _h2009 |
||
| 590 |
_aBATCH-UPD _b10 _c20130410 _lUCH01 _h0035 |
||
| 590 |
_aBATCH-UPD _b10 _c20130914 _lUCH01 _h0916 |
||
| 590 |
_aBATCH-UPD _b10 _c20140324 _lUCH01 _h1457 |
||
| 590 |
_aBATCH-UPD _b10 _c20141002 _lUCH01 _h0830 |
||
| 590 |
_aBATCH _b00 _c20181121 _lUCH01 _h0759 |
||
| 590 |
_aCONVERSION _b10 _c20130109 _lUCH01 _h1351 |
||
| 590 |
_aE5765TAJ _b10 _c20130613 _lUCH01 _h1108 |
||
| 650 | 1 | 4 |
_aAlianza para el progreso. _94095 |
| 650 | 1 | 4 |
_aDesarrollo de la comunidad rural _xGuanajuato. _932013 |
| 650 | 1 | 4 |
_aDesarrollo sustentable _xGuanajuato. _932084 |
| 856 |
_3Finding aid _uhttp://10.13.5.2/tesis/103794.pdf _zTeclea aquí |
||
| 856 |
_a1 _n0001504 |
||
| 901 | _aBK | ||
| 905 | _aElisama A. H. | ||
| 942 | _cCD | ||
| 942 | _n0 | ||
| 949 |
_aTesis _bBC _cTES _d00000000103794 _eTS1 _h45164 _i103794 _sb |
||
| 949 |
_aTesis _bBC _cTES _d33724000871042 _eTS2 _fc.2 _h45165 _i103794 _sb |
||
| 999 |
_c92250 _d92250 |
||